000 00576nam a22001817a 4500
005 20251108174534.0
008 250721s2008 xx 000 0 ara d
082 1 4 _a658.404/يعق
100 1 _aيعقوب، عبد الكريم
_eمؤلف
245 1 0 _aدراسات جدوى المشروع /
264 1 _aعمان :
_bدارأسامة للنشر و التوزيع،
_c2008.
300 _a240 ص.
650 1 7 _aدراسه المشاريع
650 1 7 _aدراسا ت الجدوى
650 1 7 _aالمشاريع الرياديه
942 _2ddc
_cBK
999 _c111739
_d111739